LEADER 01343nam a2200349 i 4500 001 991003888459707536 005 20230704153609.0 008 020808s1979 it 00| 0 ita d 035 $ab11878691-39ule_inst 035 $aPRUMB67314$9ExL 040 $aDip.to SSSC$bita 082 0 $a301.1 100 1 $aBaudrillard, Jean$035505 245 13$aLo scambio simbolico e la morte /$cJean Baudrillard 250 $a1a edizione italiana 264 1$aMilano :$bFeltrinelli,$cc1979 300 $a254 p. ;$c22 cm 490 1 $aFatti e le idee ;$v439 500 $aTrad. di Girolamo Mancuso 500 $aEd. orig. : Paris : Gallimard, c1976 650 4$aMorte$xSaggi 650 4$aPsicologia sociale$xSaggi 650 4$aSimboli$xSaggi 740 2 $aL'échange symbolique et la mort 907 $a.b11878691$b02-04-14$c07-01-03 912 $a991003888459707536 945 $aLE005IF XXXIII F 10$g1$i2005000115998$lle005$o-$pE0.00$q-$rl$s-$t0$u0$v0$w0$x0$y.i11491553$z01-07-02 945 $aLE022 MP 76 L 22$g1$i2022000081467$lle022$o-$pE0.00$q-$rl$s-$t0$u1$v0$w1$x0$y.i13897755$z15-10-04 945 $aLE021 CGG1$g1$i2021000169090$lle021$o-$pE0.00$q-$rn$sm$t0$u1$v0$w1$x0$y.i12133450$z07-01-03 996 $aScambio simbolico e la morte$9600466 997 $aUNISALENTO 998 $ale005$ale022$ale021$b01-01-02$cm$da$e-$fita$git$h3$i3